<?xml version="1.0" encoding="UTF-8"?>
<marc:record xmlns:marc="http://www.loc.gov/MARC21/slim">
   <marc:leader>00000nam a2200000 a 4500</marc:leader>
   <marc:datafield ind1="1" ind2=" " tag="100">
      <marc:subfield code="a">Fulton, Kristen</marc:subfield>
      <marc:subfield code="4">aut</marc:subfield>
      <marc:subfield code="e">Verfasser/-in</marc:subfield>
   </marc:datafield>
   <marc:datafield ind1="0" ind2="0" tag="245">
      <marc:subfield code="a">Mit dem Ballon in die Freiheit</marc:subfield>
   </marc:datafield>
   <marc:datafield ind1="0" ind2="0" tag="245">
      <marc:subfield code="c">eine Geschichte von Kristen Fulton ; mit Bildern von Torben Kuhlmann ; aus dem Englischen von Jakob Hein</marc:subfield>
   </marc:datafield>
   <marc:datafield ind1=" " ind2="1" tag="264">
      <marc:subfield code="a">Ravensburg</marc:subfield>
      <marc:subfield code="b">Ravensburger</marc:subfield>
      <marc:subfield code="c">2019</marc:subfield>
   </marc:datafield>
   <marc:datafield ind1="1" ind2=" " tag="520">
      <marc:subfield code="a">Peter lebt mit seiner Familie in der DDR. Seine Eltern haben einen geheimen Plan. Nach über einem Jahr startet die Familie mitten in der Nacht mit einem selbstgebauten Heißluftballon in den Westen. Die Stasi ist ihnen auf den Fersen. Doch der Ballon steigt höher und höher. Als das Gas aufgebraucht ist und der Ballon wieder sinkt, wissen sie nicht, ob sie die Grenze schon überquert haben. Doch Peters Vater gibt Entwarnung: Er hat ein westdeutsches Auto gesehen. Sie sind also tatsächlich in Bayern gelandet!</marc:subfield>
   </marc:datafield>
   <marc:datafield ind1=" " ind2=" " tag="020">
      <marc:subfield code="a">9783473447190</marc:subfield>
      <marc:subfield code="9">9783473447190</marc:subfield>
   </marc:datafield>
   <marc:datafield ind1=" " ind2=" " tag="020">
      <marc:subfield code="a">3473447196</marc:subfield>
      <marc:subfield code="9">3473447196</marc:subfield>
   </marc:datafield>
   <marc:datafield ind1=" " ind2=" " tag="041">
      <marc:subfield code="a">ger</marc:subfield>
   </marc:datafield>
   <marc:datafield ind1=" " ind2=" " tag="300">
      <marc:subfield code="a">52 ungezählte Seiten</marc:subfield>
   </marc:datafield>
</marc:record>
